=LDR 00000nam 2200000 4500 =001 NUTBA000000000005658 =005 20141105103156.0 =006 =007 =008 =020 ##$$a 978-979-050-291-8 =035 ##$$a 0010-111400000000137 =040 ##$$a NBPDMAT =082 ##$$a R.912.598 422 =090 ##$$a R.912.598 422 $b Mah a =100 ##$$a Mahyuzar =245 ##$$a Atlas Tematik provinsi Gorontalo / $c penyusun Mahyuzar dkk =250 ##$$a Cet.1 =260 ##$$a Jakarta : $b Bina Sumber Daya Mipa, $c 2010 =300 ##$$a 48 hlm. : $b ilus. ; $c 29 cm. =650 ##$$a Atlas Tematik Gorontalo =850 ##$$a NBPDMAT